مكتبة جامعة عجلون الوطنية

فهرس بحث المكتبة

Normal view MARC view
  • القانون الخاص -- الملكية الفكرية -- التجارة العالمية -- الصناعات الدوائية -- براءات الاختراع

Entry Topical Term

Number of records used in: 1

001 - CONTROL NUMBER

  • control field: 12621

003 - CONTROL NUMBER IDENTIFIER

  • control field: JO-AjAnu

005 - DATE AND TIME OF LATEST TRANSACTION

  • control field: 20230606072325.0

008 - FIXED-LENGTH DATA ELEMENTS

  • fixed length control field: 230606|| aca||aabn | a|a d

040 ## - CATALOGING SOURCE

  • Original cataloging agency: JO-AjAnu
  • Transcribing agency: JO-AjAnu

150 ## - HEADING--TOPICAL TERM

  • Topical term or geographic name entry element: القانون الخاص -- الملكية الفكرية -- التجارة العالمية -- الصناعات الدوائية -- براءات الاختراع

670 ## - SOURCE DATA FOUND

  • Source citation: Work cat.: (JO-AjAnu)6495: سماوي ، ريم سعود , author 12620, براءات الاختراع في الصناعات الدوائية : التنظيم القانوني للتراخيص الاتفاقية في ضوء منظمة التجارة العالمية (W.T.O)